000 01030nam a2200205 a 4500
001 000044456
005 20201002045404.0
008 140702s2008 bl a 000 0 spa d
020 _a9788589669320
040 _aDO-SdBNP
_bspa
_cBNPHU
082 _axxxx
_bxxxx
111 2 _aAnais do Seminário Conhecendo e Reconhecendo a Dança na UFRJ
_n(3ero. y 4to
_d02 a 11 de dez. de 2008 :
_cRio de Janeiro)
_972473
245 1 0 _aConhecendo e reconhecendo a Danca Na UFRJ :
_banais do ... Seminário Interno do Departamento de Arte Corporal da Escola de Educação Física e Desportos : resumos.
246 1 0 _aSeminário Interno do Departamento de Arte Corporal de Escola de Eduçacão Física e Desportos Resumos
260 _aRio de Janeiro, Brazil :
_bUFRJ,
_c2008.
300 _av. :
_bil. ;
_c21 cm.
500 _aIncluye referencias bibliográficas y notas al pie de las páginas
504 _aIncluye bibliografía al final de cada capítulo
710 2 _aUniversidade Federal do Rio de Janeiro
_bDepartamento de Arte Corporal
_972474
999 _c43945
_d43945